| 000 | 00533nam a2200157Ia 4500 | ||
|---|---|---|---|
| 005 | 20250311135839.0 | ||
| 008 | 231217s9999 xx 000 0 und d | ||
| 020 | _a9788178815992 | ||
| 082 | _a658.1 ICF.2;2 R1 | ||
| 100 | _aNarender, Vunyale. Vijaychandra Kumar, C ed. | ||
| 245 | 0 | _aBusiness and finance V.2 : capital markets, proceedings of the international conference 2004 | |
| 260 |
_c2005 _bICFAI Press _aHyderabad |
||
| 300 | _avii, 108 | ||
| 650 | _aBusiness,finance,V.2,capital,markets,,conference,2004 | ||
| 942 | _cAA | ||
| 999 |
_c188183 _d188183 |
||